US Populous Cities (2000) Quiz Stats

 Plays Quiz Updated Apr 18, 2013

Support Sporcle.
Go Orange.
Score 0/25 Timer 05:00
31 Plays Today
City % Correct
New York City
99.3%
Los Angeles
95.5%
Chicago
93.4%
Dallas
89.7%
Boston
88%
Houston
87.3%
Seattle
86.6%
San Francisco
84.4%
Philadelphia
82.8%
Detroit
82.7%
Washington, D.C.
78.8%
Denver
78.6%
Phoenix
76.9%
City % Correct
San Diego
76.7%
Austin
63.6%
Nashville
62%
Indianapolis
61.8%
San Antonio
61.5%
Baltimore
54.1%
Jacksonville
50.2%
Memphis
49.2%
Columbus
49%
Milwaukee
43%
San Jose
40.9%
El Paso
30.1%

From the Vault

Cryptogram Map: Card Games

by caramba

Gaming 5m
It's always easy to ace a card game quiz.
Remove Ads.
Support Sporcle.
Get the best of Sporcle when you Go Orange. This ad-free experience offers more features, more stats, and more fun while also helping to support Sporcle. Thank you for becoming a member.

Show Comments

Extras

Top Quizzes Today


Score Distribution

Your Account Isn't Verified!

In order to create a playlist on Sporcle, you need to verify the email address you used during registration. Go to your Sporcle Settings to finish the process.

Report this User

Report this user for behavior that violates our Community Guidelines.

Details: